| 000 | 00790nam a2200229 i 4500 | ||
|---|---|---|---|
| 001 | 74333 | ||
| 003 | ES-MaACL | ||
| 005 | 20250903022025.0 | ||
| 007 | t| | ||
| 008 | 040917s1966 sp ||||1| spa d | ||
| 080 | _a330.115:339.2 | ||
| 100 | 1 |
_aGonzález-Quijano, Francisco. _958890 |
|
| 245 | 1 | 3 |
_aLa curva de Pareto y la distribución de la riqueza / _cpor Francisco González-Quijano. |
| 260 |
_aMadrid : _bColegio Oficial de Ingenieros de Caminos, Canales y Puertos, _c1966. |
||
| 300 |
_aXX, 248 p., 2 lám. : _bil. ; _c25 cm. |
||
| 650 | 7 |
_aEconomía matemática _2embne _912034 |
|
| 650 | 4 |
_aRiqueza. _9167570 |
|
| 710 | 2 |
_aColegio de Ingenieros de Caminos, Canales y Puertos. _9139226 |
|
| 852 | 4 |
_aES-MaACL _jC-31251 |
|
| 852 | 4 |
_aES-MaACL _jC-32244 |
|
| 999 |
_c74333 _d74333 |
||